000 00628nam a2200217Ia 4500
001 10141
003 GE_BSU
008 181216s||||||||xx |||||||||||||| ||und||
020 _a9789941123863
040 _cGE_BSU
080 _a94(479.22)
100 _aДжапаридзе,Анания Митрополит
245 _aМесхети.Мусульманизация грузин
260 _aТбилиси
260 _bУниверсал
260 _c2008
300 _a50стр.20см.
300 _eБиблиогр.стр.50
653 _aМесхети.Мусульманизация грузин
942 _cBK
999 _c43412
_d43412